00670nam a22001937a 4500999001900000005001700019010001300036020002600049035001100075037001300086082001100099100003800110245010200148246006100250260005300311270005800364300002300422942003100445 c180076d18007620210723111441.0 aUR-11156 c500.00a9789390789061 aU-9711 bDBAD/PUB a840.08 aکر ا مت علی کر ا مت  aمير ے منتخب پيش لفظ (تنقيد و تجز يہ)cکر ا مت علی کر ا مت  aMere Muntakhab Pesh Lafz (Urdu)bby Karamat Ali Karamat  aN.Delhi c2021 ءbEducational Publishing House  aD-1/16, Ansari Road, Darya Ganj,bN.Delhi e110002l- a480 ص c22 Cm(Hb) 2ddccURh840.08kک ر ا